000 00386nam a22001457a 4500
005 20171215143342.0
020 _a9788176116985
_c800.00
037 _bDBAD/PUB
100 _aDavidTailor,R.S
245 _aAdvanced bussiness finance /
260 _aJaipur
_bRBSA Publishers
_c2014
_c2014
270 _a340,Chaura Rasta,
_bJaipur
_e302003
300 _a200p.
_c22cm(hb)
942 _2ddc
_cEN
999 _c148024
_d148024